[Event "8MCRV_F"]
[Site "?"]
[Date "2008.??.??"]
[Round "?"]
[White "Novak, Vratislav"]
[Black "Schwarz, Jan"]
[Result "1/2-1/2"]
[WhiteElo "2285"]
[BlackElo "2259"]
[PlyCount "74"]
[EventDate "2008.??.??"]

1. e4 e5 2. Nf3 Nc6 3. Bb5 a6 4. Ba4 Nf6 5. O-O Be7 6. Re1 b5 7. Bb3 d6 8. c3
O-O 9. h3 Nb8 10. a4 Bb7 11. axb5 axb5 12. Rxa8 Bxa8 13. d3 Nbd7 14. Na3 c6 15.
Ba2 Bb7 16. b4 Qc7 17. Qb3 Nb6 18. Be3 Bc8 19. Qc2 Bd7 20. Ra1 Ra8 21. Nxb5
cxb5 22. Bxb6 Rxa2 23. Qxa2 Qxb6 24. Qa8+ Bf8 25. Ra7 Bc8 26. Ng5 Nd7 27. Ra3
Qd8 28. Nf3 Nb6 29. Qb8 d5 30. Qxe5 dxe4 31. Qxe4 Na4 32. Qd4 Qc7 33. Qe5 Qxe5
34. Nxe5 f6 35. Nc6 Bd7 36. Nd4 Bd6 37. Kf1 Be5 1/2-1/2

[Event "8MCRV_F"]
[Site "?"]
[Date "2008.??.??"]
[Round "?"]
[White "Novak, Vratislav"]
[Black "Valak, Alois"]
[Result "1/2-1/2"]
[WhiteElo "2285"]
[BlackElo "2352"]
[PlyCount "107"]
[EventDate "2008.??.??"]

1. e4 c5 2. Nf3 d6 3. d4 cxd4 4. Nxd4 Nf6 5. Nc3 a6 6. Be3 e5 7. Nb3 Be6 8. h3
Be7 9. Qf3 O-O 10. g4 h6 11. g5 hxg5 12. Bxg5 a5 13. Bb5 Nc6 14. O-O-O Bxb3 15.
axb3 Nd4 16. Qd3 Nd5 17. Bxe7 Nxe7 18. Rhg1 Ng6 19. Bc4 Nf4 20. Qe3 Kh7 21. Kb1
Nde6 22. h4 Qe7 23. h5 Rfd8 24. Rg4 Qf6 25. Rdg1 Rg8 26. Nd5 Nxd5 27. Bxd5 a4
28. bxa4 Rxa4 29. b3 Raa8 30. Rg6 Qf4 31. Bxe6 Qxe3 32. fxe3 fxg6 33. Bxg8+
Kxg8 34. hxg6 Rf8 35. Kb2 Rf6 36. b4 Kf8 37. b5 Ke7 38. Rg3 Ke6 39. Kb3 Rf2 40.
c3 Rf8 41. Kc4 Rf6 42. Kb4 b6 43. Kc4 Rf2 44. Rh3 Rg2 45. Rh8 Rxg6 46. Re8+ Kd7
47. Rb8 Rg1 48. Rxb6 g5 49. Rb7+ Ke6 50. Rh7 g4 51. Rg7 Kf6 52. Rg8 Kf7 53. Rg5
Kf6 54. Rg8 1/2-1/2

[Event "8MCRV_F"]
[Site "?"]
[Date "2008.??.??"]
[Round "?"]
[White "Pecka, Josef"]
[Black "Bares, Jiri"]
[Result "1/2-1/2"]
[WhiteElo "2296"]
[BlackElo "2259"]
[PlyCount "97"]
[EventDate "2008.??.??"]

1. e4 c5 2. Nf3 d6 3. d4 cxd4 4. Nxd4 Nf6 5. Nc3 a6 6. Be2 e6 7. O-O Be7 8. f4
O-O 9. a4 Nc6 10. Be3 Qc7 11. Qe1 Bd7 12. Kh1 Rac8 13. Qg3 Kh8 14. Nxc6 Bxc6
15. Bd4 Rg8 16. Bd3 Nd7 17. Qh3 Nc5 18. Bxc5 dxc5 19. f5 c4 20. Be2 Bd7 21. Bg4
Qc6 22. Rf3 Rgf8 23. Raf1 exf5 24. Bxf5 Bxf5 25. Rxf5 Kg8 26. Nd5 Bd8 27. Re5
Rb8 28. a5 Qd6 29. Ref5 g6 30. R5f4 Bg5 31. Rg4 Bd8 32. Rf5 f6 33. Qc3 Rc8 34.
b4 Rc6 35. h4 Bc7 36. Qh3 Kh8 37. Rf1 Bb8 38. Rgf4 Qe5 39. h5 g5 40. Rf5 Qxe4
41. Nxf6 Qe2 42. g3 Bf4 43. gxf4 Rcxf6 44. Rxf6 Rxf6 45. Qc8+ Kg7 46. Qxb7+ Kf8
47. Qf3 Qxc2 48. Qa8+ Kg7 49. Qb7+ 1/2-1/2

[Event "8MCRV_F"]
[Site "?"]
[Date "2008.??.??"]
[Round "?"]
[White "Pecka, Josef"]
[Black "Kuta, Jiri"]
[Result "0-1"]
[WhiteElo "2296"]
[BlackElo "2359"]
[PlyCount "110"]
[EventDate "2008.??.??"]

1. e4 c5 2. Nf3 d6 3. d4 cxd4 4. Nxd4 Nf6 5. Nc3 a6 6. Bg5 e6 7. f4 Qb6 8. Qd2
Qxb2 9. Nb3 Qa3 10. Bxf6 gxf6 11. Be2 Nc6 12. O-O Bd7 13. Nb1 Qa4 14. Nc3 Qa3
15. Nb1 Qa4 16. Nc3 Qa3 17. Qe3 Ne7 18. f5 h5 19. Nb1 Qb4 20. N1d2 Bh6 21. Qd3
Rc8 22. a3 Qc3 23. Qxd6 exf5 24. Kh1 Rc6 25. Qb8+ Bc8 26. Rad1 O-O 27. Bd3 f4
28. Qa7 Rd8 29. Nb1 Qe5 30. N1d2 Ng6 31. Qf2 Rc3 32. Nc4 Qc7 33. Nb6 Be6 34.
Nd5 Bxd5 35. exd5 Rxd5 36. Bxg6 Rxd1 37. Bxf7+ Kxf7 38. Rxd1 f3 39. Nd4 Qc5 40.
Qf1 Qc4 41. Qf2 Qd5 42. gxf3 Bf4 43. a4 Bc7 44. Kg2 Rc4 45. Qe3 Qg5+ 46. Kf2
Qxe3+ 47. Kxe3 Bxh2 48. f4 Kg6 49. f5+ Kh6 50. Ne6 h4 51. Kf3 Kh5 52. Rd7 Rc3+
53. Ke4 h3 54. Rh7+ Kg4 55. Rg7+ Kh4 0-1

[Event "8MCRV_F"]
[Site "?"]
[Date "2008.??.??"]
[Round "?"]
[White "Pecka, Josef"]
[Black "Novak, Vratislav"]
[Result "1/2-1/2"]
[WhiteElo "2296"]
[BlackElo "2285"]
[PlyCount "54"]
[EventDate "2008.??.??"]

1. e4 e5 2. Nf3 Nc6 3. Bc4 Bc5 4. c3 Nf6 5. b4 Bb6 6. d3 d6 7. O-O O-O 8. a4 a5
9. b5 Ne7 10. Bg5 Ng6 11. Nbd2 h6 12. Be3 Bxe3 13. fxe3 c6 14. bxc6 bxc6 15.
Qe1 Qe7 16. Rb1 d5 17. exd5 cxd5 18. Bb5 Be6 19. c4 Rfc8 20. cxd5 Bxd5 21. e4
Ba2 22. Rc1 Rxc1 23. Qxc1 Be6 24. Nc4 Rc8 25. Kh1 Qc5 26. Qd2 Rd8 27. Nxa5 Nxe4
1/2-1/2

[Event "8MCRV_F"]
[Site "?"]
[Date "2008.??.??"]
[Round "?"]
[White "Pecka, Josef"]
[Black "Priesol, Daniel"]
[Result "1-0"]
[WhiteElo "2296"]
[BlackElo "2254"]
[PlyCount "69"]
[EventDate "2008.??.??"]

1. e4 e5 2. f4 Bc5 3. Nf3 d6 4. c3 Nf6 5. d4 exd4 6. cxd4 Bb6 7. e5 dxe5 8.
fxe5 Nd5 9. Bg5 Qd7 10. Nc3 h6 11. Bd2 Nxc3 12. bxc3 c5 13. Bc4 cxd4 14. cxd4
Qg4 15. Bc3 Be6 16. Bxe6 fxe6 17. O-O O-O 18. a4 Nc6 19. a5 Bc7 20. Kh1 Rab8
21. d5 exd5 22. Qxd5+ Kh8 23. e6 Rfd8 24. Qb3 Re8 25. Rfe1 Re7 26. Ra4 Qh5 27.
Rh4 Qg6 28. h3 Kh7 29. Rg4 Qd3 30. Rd1 Nxa5 31. Rxd3 Nxb3 32. Bb4 Nc1 33. Rd1
Rxe6 34. Rd7 Rg8 35. Rxc7 1-0

[Event "8MCRV_F"]
[Site "?"]
[Date "2008.??.??"]
[Round "?"]
[White "Pecka, Josef"]
[Black "Sykora, Josef"]
[Result "0-1"]
[WhiteElo "2296"]
[BlackElo "2347"]
[PlyCount "82"]
[EventDate "2008.??.??"]

1. e4 c6 2. d4 d5 3. e5 c5 4. dxc5 e6 5. Be3 Nd7 6. Bb5 Qc7 7. Nf3 Bxc5 8. Bxc5
Qxc5 9. Nc3 Ne7 10. O-O a6 11. Bd3 Qc7 12. Re1 Nc5 13. Qd2 O-O 14. Rac1 h6 15.
Ne2 Bd7 16. g4 f5 17. gxf5 Nxf5 18. Bxf5 Rxf5 19. Ned4 Ne4 20. Qe3 Rf7 21. c4
Qb6 22. Nb3 Qxe3 23. Rxe3 dxc4 24. Nbd4 Ng5 25. Nxg5 hxg5 26. Rd1 Raf8 27. Rd2
Bc8 28. b3 cxb3 29. axb3 b6 30. Rg3 Rd7 31. Rxg5 Rd5 32. Kf1 Rfd8 33. Rg4 a5
34. Re4 Bb7 35. Ke2 b5 36. Rd1 a4 37. b4 R5d7 38. Rf4 Rc8 39. Rb1 Bd5 40. Kd2
Rc4 41. Ke3 Rc3+ 0-1

[Event "8MCRV_F"]
[Site "?"]
[Date "2008.??.??"]
[Round "?"]
[White "Priesol, Daniel"]
[Black "Bares, Jiri"]
[Result "0-1"]
[WhiteElo "2254"]
[BlackElo "2259"]
[PlyCount "84"]
[EventDate "2008.??.??"]

1. e4 c5 2. Nf3 d6 3. d4 cxd4 4. Nxd4 Nf6 5. Nc3 a6 6. Be2 e6 7. O-O Be7 8. f4
O-O 9. Be3 Nc6 10. a4 Qc7 11. Kh1 Re8 12. Bf3 Bd7 13. Nde2 Rac8 14. g4 h6 15.
Qd2 Nh7 16. Rad1 Nf8 17. Bf2 Ng6 18. Bg2 Na5 19. b3 b5 20. axb5 axb5 21. Rc1
Nh4 22. Bxh4 Bxh4 23. Rfd1 Be7 24. h3 Qb6 25. Ra1 Nc6 26. Rab1 Qc5 27. e5 d5
28. Na2 b4 29. Nac1 Ra8 30. Nd3 Qb6 31. Nb2 Red8 32. Na4 Qc7 33. c3 g5 34. cxb4
Bxb4 35. Qc1 Rac8 36. Ng1 Bf8 37. Nb2 Be7 38. Nd3 Qb6 39. Qb2 Nd4 40. Ne1 Nb5
41. fxg5 Nc3 42. gxh6 Nxb1 0-1

[Event "8MCRV_F"]
[Site "?"]
[Date "2008.??.??"]
[Round "?"]
[White "Priesol, Daniel"]
[Black "Canibal, Jaromir"]
[Result "1/2-1/2"]
[WhiteElo "2254"]
[BlackElo "2236"]
[PlyCount "35"]
[EventDate "2008.??.??"]

1. e4 e5 2. Nf3 Nc6 3. d4 exd4 4. Nxd4 Bc5 5. Be3 Qf6 6. c3 Nge7 7. Bc4 Ne5 8.
Be2 d5 9. O-O O-O 10. f4 Qh6 11. Qd2 Ng4 12. Bxg4 Bxg4 13. f5 Qh5 14. h3 Bxh3
15. gxh3 Qxh3 16. f6 Qg3+ 17. Kh1 Qh3+ 18. Kg1 1/2-1/2

[Event "8MCRV_F"]
[Site "?"]
[Date "2008.??.??"]
[Round "?"]
[White "Priesol, Daniel"]
[Black "Jirku, Jaroslav"]
[Result "1/2-1/2"]
[WhiteElo "2254"]
[BlackElo "2307"]
[PlyCount "45"]
[EventDate "2008.??.??"]

1. e4 e5 2. Nf3 Nc6 3. d4 exd4 4. Nxd4 Nf6 5. Nxc6 bxc6 6. e5 Qe7 7. Qe2 Nd5 8.
c4 Ba6 9. g3 g6 10. b3 Bg7 11. Bb2 O-O-O 12. Nd2 Rhe8 13. O-O-O Nb6 14. f4 d6
15. Nf3 c5 16. Qf2 f6 17. Bh3+ Kb8 18. exd6 cxd6 19. Rhe1 Qc7 20. Bg2 Bb7 21.
Rxe8 Rxe8 22. Ne1 f5 23. Bxg7 1/2-1/2

[Event "8MCRV_F"]
[Site "?"]
[Date "2008.??.??"]
[Round "?"]
[White "Priesol, Daniel"]
[Black "Novak, Vratislav"]
[Result "0-1"]
[WhiteElo "2254"]
[BlackElo "2285"]
[PlyCount "62"]
[EventDate "2008.??.??"]

1. e4 e5 2. Nf3 Nc6 3. d4 exd4 4. Nxd4 Bc5 5. Be3 Qf6 6. c3 Nge7 7. Bc4 b6 8.
O-O Bb7 9. Nb5 O-O-O 10. Bxc5 bxc5 11. Nd2 Ne5 12. Be2 a6 13. Na3 d5 14. f4
N5g6 15. e5 Qb6 16. Qc2 Kb8 17. Kh1 f6 18. exf6 gxf6 19. Rab1 Nh4 20. Rg1 Nef5
21. Nf3 Rhg8 22. Nxh4 Nxh4 23. Bf1 c4 24. Qd1 Nf5 25. Be2 d4 26. Bf3 Ne3 27.
Qd2 dxc3 28. Qxd8+ Rxd8 29. bxc3 Qc5 30. Rxb7+ Kc8 31. Rb4 a5 0-1

[Event "8MCRV_F"]
[Site "?"]
[Date "2008.??.??"]
[Round "?"]
[White "Priesol, Daniel"]
[Black "Valak, Alois"]
[Result "1/2-1/2"]
[WhiteElo "2254"]
[BlackElo "2352"]
[PlyCount "61"]
[EventDate "2008.??.??"]

1. e4 c5 2. Nf3 d6 3. d4 cxd4 4. Nxd4 Nf6 5. Nc3 a6 6. Be2 e5 7. Nb3 Be7 8. O-O
O-O 9. Be3 Be6 10. Qd2 Nbd7 11. a4 Qc7 12. a5 Qc6 13. Bf3 Rac8 14. Rfd1 h6 15.
h3 Rfe8 16. Qe1 Nf8 17. Nc1 N8h7 18. Nd3 Ng5 19. Bxg5 hxg5 20. Qe2 Qc7 21. Rd2
g6 22. g4 Qc4 23. Ra4 Qc6 24. Nb4 Qc7 25. Rd1 Kg7 26. Qd2 Bd7 27. Raa1 Qc4 28.
Nd3 Bd8 29. Nc1 Qb4 30. Nb3 Be7 31. Bg2 1/2-1/2

[Event "8MCRV_F"]
[Site "?"]
[Date "2008.??.??"]
[Round "?"]
[White "Schwarz, Jan"]
[Black "Jandovsky, Viktor"]
[Result "1/2-1/2"]
[WhiteElo "2259"]
[BlackElo "2280"]
[PlyCount "105"]
[EventDate "2008.??.??"]

1. e4 e6 2. d4 d5 3. Nd2 Nf6 4. e5 Nfd7 5. Bd3 c5 6. c3 Nc6 7. Ne2 cxd4 8. cxd4
f6 9. exf6 Nxf6 10. O-O Bd6 11. Nf3 Qc7 12. Bg5 O-O 13. Rc1 Bd7 14. Ng3 h6 15.
Bd2 Qb6 16. Bc3 Bf4 17. Rc2 Nb4 18. Bxb4 Qxb4 19. Ne5 Ba4 20. b3 Be8 21. Re1
Bxe5 22. Rxe5 Bf7 23. Ree2 Rac8 24. h3 Kh8 25. Qa1 Ng8 26. Qb2 Ne7 27. a3 Rxc2
28. Rxc2 Qd6 29. b4 Bg6 30. Bxg6 Nxg6 31. Ne2 e5 32. Qc1 Qf6 33. Qe3 e4 34. Rc5
Ne7 35. Nc3 Qd6 36. Qg3 Qxg3 37. fxg3 e3 38. g4 Rf4 39. Ne2 Rf2 40. Ng3 Ra2 41.
Rc3 Ra1+ 42. Kh2 Re1 43. Nf5 Nxf5 44. gxf5 Kg8 45. Kg3 Kf7 46. Kf3 Kf6 47. Rc7
Ra1 48. Rxb7 Rxa3 49. g4 Rd3 50. b5 Rxd4 51. Kxe3 Rb4 52. Kd3 h5 53. gxh5
1/2-1/2

[Event "8MCRV_F"]
[Site "?"]
[Date "2008.??.??"]
[Round "?"]
[White "Schwarz, Jan"]
[Black "Kuta, Jiri"]
[Result "1/2-1/2"]
[WhiteElo "2259"]
[BlackElo "2359"]
[PlyCount "50"]
[EventDate "2008.??.??"]

1. e4 c5 2. Nf3 Nc6 3. Nc3 e5 4. Bc4 Be7 5. d3 d6 6. O-O Nf6 7. h3 O-O 8. a3
Be6 9. Nd5 Nd4 10. Nxf6+ Bxf6 11. c3 Nxf3+ 12. Qxf3 Qd7 13. a4 Rad8 14. Bxe6
Qxe6 15. c4 Rd7 16. Be3 b6 17. Bd2 a5 18. Rae1 Bd8 19. b3 h6 20. Qg3 Kh7 21. h4
f5 22. Qh3 Qf6 23. Bg5 Qg6 24. Bxd8 Rdxd8 25. f4 Qg4 1/2-1/2

[Event "8MCRV_F"]
[Site "?"]
[Date "2008.??.??"]
[Round "?"]
[White "Schwarz, Jan"]
[Black "Pecka, Josef"]
[Result "0-1"]
[WhiteElo "2259"]
[BlackElo "2296"]
[PlyCount "132"]
[EventDate "2008.??.??"]

1. d4 Nf6 2. c4 c5 3. d5 d6 4. Nc3 g6 5. e4 Bg7 6. Bd3 O-O 7. h3 a6 8. Nf3 Nbd7
9. O-O Rb8 10. Re1 Qc7 11. Be3 h6 12. a4 g5 13. Qd2 b6 14. e5 Nxe5 15. Nxe5
dxe5 16. h4 Nh7 17. hxg5 hxg5 18. Bxg5 f5 19. Bh4 Rf7 20. Ra3 Qd6 21. Bg3 f4
22. Ne4 Qh6 23. Bh2 Rf5 24. g4 Rf8 25. f3 e6 26. d6 Bb7 27. Rb3 Bc6 28. Kg2
Bxa4 29. Ra3 Bc6 30. Qc2 Ng5 31. Nxg5 Qxg5 32. Be4 Bxe4 33. Qxe4 Rfd8 34. Rd1
a5 35. d7 Kf7 36. Rd2 Bf6 37. Ra1 Rh8 38. Bg1 Rbd8 39. Rad1 Qh4 40. Kf1 Qh3+
41. Ke2 Qg2+ 42. Bf2 Rh2 43. Rf1 Qh3 44. b3 Qh8 45. Qd3 Qg7 46. Rfd1 Bh4 47.
Kf1 Qh6 48. Bg1 Rh1 49. Rg2 Bg3 50. Qe2 Qh8 51. Qb2 Kf6 52. Qd2 Rh7 53. g5+ Kf5
54. Be3 fxe3 55. Qc2+ Kxg5 56. Rxg3+ Kf6 57. Qg6+ Ke7 58. Ke2 Rxd7 59. Rxd7+
Kxd7 60. Kxe3 e4 61. Qxe4 Kc7 62. f4 Qc3+ 63. Qd3 Qe1+ 64. Kf3 Qh1+ 65. Kf2 b5
66. cxb5 Rh2+ 0-1

[Event "8MCRV_F"]
[Site "?"]
[Date "2008.??.??"]
[Round "?"]
[White "Schwarz, Jan"]
[Black "Priesol, Daniel"]
[Result "1-0"]
[WhiteElo "2259"]
[BlackElo "2254"]
[PlyCount "79"]
[EventDate "2008.??.??"]

1. e4 e5 2. Nf3 Nf6 3. Nxe5 d6 4. Nf3 Nxe4 5. d4 d5 6. Bd3 Bd6 7. O-O O-O 8. c4
c6 9. Re1 Bf5 10. Qb3 Na6 11. Nc3 dxc4 12. Bxc4 Nxc3 13. bxc3 b5 14. Bf1 Nc7
15. Bg5 Qd7 16. Ne5 Bxe5 17. dxe5 h6 18. Be3 Nd5 19. Bc5 Rfb8 20. Rad1 Be6 21.
c4 bxc4 22. Qxc4 Qe8 23. Qd4 Rd8 24. Bd6 Ne7 25. Bd3 Bxa2 26. Qe4 Ng6 27. f4
Bd5 28. Qd4 Ne7 29. Qf2 Nc8 30. Bc5 Bb3 31. Rd2 Nb6 32. Bd6 Nc8 33. Rb2 Bd5 34.
Bc5 Nb6 35. Qc2 Nd7 36. Bd6 Nb6 37. Rbb1 Nc8 38. Bc5 Nb6 39. f5 Qd7 40. Re3 1-0

[Event "8MCRV_F"]
[Site "?"]
[Date "2008.??.??"]
[Round "?"]
[White "Schwarz, Jan"]
[Black "Sykora, Josef"]
[Result "1/2-1/2"]
[WhiteElo "2259"]
[BlackElo "2347"]
[PlyCount "93"]
[EventDate "2008.??.??"]

1. e4 c6 2. d4 d5 3. e5 c5 4. dxc5 e6 5. Be3 Nd7 6. Bb5 Qc7 7. Nf3 Bxc5 8. Bxc5
Qxc5 9. Nc3 Ne7 10. O-O a6 11. Bd3 Qc7 12. Qe2 h6 13. a3 b5 14. Qe3 Bb7 15.
Rfe1 O-O 16. Ne2 Rac8 17. c3 Nc6 18. Nf4 Qb6 19. Qe2 Rfd8 20. Nh5 Qc5 21. Rad1
Qe7 22. Bb1 Rc7 23. h4 Rdc8 24. Qd3 Nf8 25. Qe3 Ng6 26. Bxg6 fxg6 27. Nf4 Qf7
28. Nd4 Nxd4 29. Rxd4 Rc4 30. Ne2 Rf8 31. b3 Rxd4 32. Nxd4 Bc8 33. Qg3 Kh7 34.
Re3 Qe7 35. b4 Qc7 36. Qg4 Rf7 37. Qe2 Qe7 38. g3 Kg8 39. f4 Qe8 40. Qd3 Rc7
41. Re2 Qf7 42. Kg2 Bb7 43. Ra2 Qe8 44. Ra1 Rc4 45. Kf3 Qf7 46. Ra2 Bc8 47. Kg2
1/2-1/2

[Event "8MCRV_F"]
[Site "?"]
[Date "2008.??.??"]
[Round "?"]
[White "Sykora, Josef"]
[Black "Bares, Jiri"]
[Result "1-0"]
[WhiteElo "2347"]
[BlackElo "2259"]
[PlyCount "89"]
[EventDate "2008.??.??"]

1. c4 Nf6 2. g3 e5 3. Bg2 Nc6 4. Nc3 Bc5 5. a3 a5 6. e3 O-O 7. Nge2 d6 8. O-O
Re8 9. d3 Bd7 10. h3 Qc8 11. Kh2 h6 12. Bd2 Ne7 13. Qc2 Ng6 14. Rab1 c6 15. b4
axb4 16. axb4 Bb6 17. Ra1 Bf5 18. Rxa8 Qxa8 19. b5 Ne7 20. Qb2 Qd8 21. e4 Bd7
22. f4 exf4 23. Bxf4 Ng6 24. Bxd6 Bxh3 25. Bxh3 Qxd6 26. bxc6 Qxc6 27. Nd5 Nxd5
28. cxd5 Qd6 29. Bf5 Nh4 30. Bg4 Re7 31. Bh5 Ng6 32. Kg2 Be3 33. Rf3 Bg5 34.
Nd4 Bf6 35. Bxg6 fxg6 36. Qc2 Kh7 37. Ne6 Rxe6 38. dxe6 Qxe6 39. Qc4 Qb6 40. d4
Qxd4 41. Qxd4 Bxd4 42. Rd3 Bc5 43. e5 g5 44. g4 Kg8 45. Kf3 1-0

[Event "8MCRV_F"]
[Site "?"]
[Date "2008.??.??"]
[Round "?"]
[White "Sykora, Josef"]
[Black "Jirku, Jaroslav"]
[Result "1/2-1/2"]
[WhiteElo "2347"]
[BlackElo "2307"]
[PlyCount "47"]
[EventDate "2008.??.??"]

1. c4 c5 2. g3 g6 3. Bg2 Bg7 4. Nc3 Nc6 5. e3 e5 6. Nge2 Nge7 7. O-O O-O 8. a3
d6 9. Rb1 Be6 10. Nd5 Rb8 11. Nec3 a6 12. d3 b5 13. Bd2 f5 14. b3 b4 15. Nxe7+
Nxe7 16. axb4 cxb4 17. Ne2 d5 18. Qc2 a5 19. c5 Qc7 20. f4 e4 21. Nd4 Bd7 22.
Rfc1 Nc6 23. Nxc6 Bxc6 24. d4 1/2-1/2

[Event "8MCRV_F"]
[Site "?"]
[Date "2008.??.??"]
[Round "?"]
[White "Sykora, Josef"]
[Black "Kuta, Jiri"]
[Result "1/2-1/2"]
[WhiteElo "2347"]
[BlackElo "2359"]
[PlyCount "55"]
[EventDate "2008.??.??"]

1. c4 e5 2. g3 Nf6 3. Bg2 Bc5 4. Nc3 Nc6 5. a3 a6 6. e3 O-O 7. Nge2 d6 8. O-O
Bf5 9. d3 Qd7 10. b4 Ba7 11. Re1 Bh3 12. Ne4 Nxe4 13. Bxe4 Rae8 14. Qc2 Bf5 15.
Bg2 Nd8 16. Bd2 c6 17. a4 Bh3 18. d4 f6 19. f4 Nf7 20. b5 exf4 21. Bxh3 Qxh3
22. Nxf4 Qd7 23. Rab1 Ng5 24. Rf1 Ne4 25. Ba5 axb5 26. axb5 g5 27. Ne2 d5 28.
bxc6 1/2-1/2

[Event "8MCRV_F"]
[Site "?"]
[Date "2008.??.??"]
[Round "?"]
[White "Sykora, Josef"]
[Black "Novak, Vratislav"]
[Result "1/2-1/2"]
[WhiteElo "2347"]
[BlackElo "2285"]
[PlyCount "56"]
[EventDate "2008.??.??"]

1. c4 e5 2. g3 Nc6 3. Bg2 g6 4. Nc3 Bg7 5. d3 d6 6. Rb1 Nf6 7. b4 O-O 8. b5 Nd4
9. e3 Ne6 10. Nge2 a6 11. a4 axb5 12. axb5 Re8 13. O-O Nc5 14. Qc2 Qe7 15. Bd2
Bf5 16. e4 Be6 17. Nc1 c6 18. Nb3 Nfd7 19. Be3 Qf8 20. Nxc5 Nxc5 21. Qd2 Qe7
22. Rb4 Qc7 23. Rfb1 Ra3 24. Bf1 Rea8 25. Qb2 Bf6 26. Bh6 Bg7 27. Be3 Bf6 28.
Bh6 Bg7 1/2-1/2

[Event "8MCRV_F"]
[Site "?"]
[Date "2008.??.??"]
[Round "?"]
[White "Sykora, Josef"]
[Black "Priesol, Daniel"]
[Result "1-0"]
[WhiteElo "2347"]
[BlackElo "2254"]
[PlyCount "87"]
[EventDate "2008.??.??"]

1. c4 Nf6 2. g3 e5 3. Bg2 d5 4. cxd5 Nxd5 5. Nf3 Nc6 6. O-O Nb6 7. d3 Be7 8. a3
O-O 9. Nbd2 a5 10. b3 Be6 11. Bb2 f6 12. Qc2 Qd7 13. Rfd1 Rfd8 14. Rac1 Bf8 15.
Nc4 Qf7 16. Qc3 Nd5 17. Qe1 b5 18. Ncd2 Ra6 19. Qf1 Nde7 20. e3 Bd5 21. Qe2 Ng6
22. d4 exd4 23. exd4 Na7 24. Qd3 Re6 25. Ne1 Bxg2 26. Nxg2 c6 27. Ne3 Ne7 28.
Bc3 Nd5 29. Bxa5 Nxe3 30. fxe3 Rde8 31. e4 Bxa3 32. Rc2 Bf8 33. Rdc1 Qd7 34. d5
c5 35. Bc3 Rd6 36. Bb2 Ra6 37. Nf3 Nc8 38. e5 fxe5 39. Nxe5 Qb7 40. Rf1 Nd6 41.
Rcf2 Raa8 42. Qf3 Qc7 43. Qg4 Qe7 44. Rf6 1-0

[Event "8MCRV_F"]
[Site "?"]
[Date "2008.??.??"]
[Round "?"]
[White "Valak, Alois"]
[Black "Canibal, Jaromir"]
[Result "1-0"]
[WhiteElo "2352"]
[BlackElo "2236"]
[PlyCount "75"]
[EventDate "2008.??.??"]

1. c4 Nf6 2. d4 g6 3. Nc3 Bg7 4. e4 d6 5. Nf3 O-O 6. Be2 c5 7. d5 Bg4 8. O-O
Na6 9. h3 Bxf3 10. Bxf3 Nc7 11. Be3 Nd7 12. Be2 a6 13. Qd2 Re8 14. Rfd1 Rb8 15.
a4 Rf8 16. a5 Ne8 17. Na4 Nef6 18. Qc2 Ne8 19. Ra3 Nc7 20. Ra2 Ne8 21. Qd2 Nef6
22. f3 Qc7 23. g4 h5 24. Kg2 hxg4 25. hxg4 b6 26. e5 Nxe5 27. axb6 Qc8 28. b4
Nfxg4 29. fxg4 Nxc4 30. Qd3 Nxe3+ 31. Qxe3 cxb4 32. Rc1 Qd8 33. Rac2 Qe8 34.
Qb3 a5 35. Rc7 e6 36. dxe6 Qxe6 37. Qxe6 fxe6 38. Re7 1-0

[Event "8MCRV_F"]
[Site "?"]
[Date "2008.??.??"]
[Round "?"]
[White "Valak, Alois"]
[Black "Jandovsky, Viktor"]
[Result "1/2-1/2"]
[WhiteElo "2352"]
[BlackElo "2280"]
[PlyCount "84"]
[EventDate "2008.??.??"]

1. c4 e5 2. Nc3 Nf6 3. Nf3 Nc6 4. e4 Bb4 5. d3 d6 6. Be2 h6 7. O-O O-O 8. Be3
Bxc3 9. bxc3 b6 10. h3 Qe7 11. Nd2 Bd7 12. Qe1 g5 13. Nf3 Nd8 14. h4 Ng4 15.
hxg5 Nxe3 16. fxe3 hxg5 17. Qg3 Ne6 18. d4 f6 19. Nh4 Qh7 20. Nf5 Rf7 21. Qf3
Ng7 22. c5 bxc5 23. Bc4 Be6 24. Kf2 Bxc4 25. Rh1 Nxf5 26. Rxh7 Nxd4 27. cxd4
Rxh7 28. dxc5 dxc5 29. Kg3 Rf8 30. Rc1 Bxa2 31. Rc3 Be6 32. Rxc5 Re7 33. Qf1
Kg7 34. Qa6 Rd8 35. Qxa7 Kf7 36. Rxc7 Rxc7 37. Qxc7+ Rd7 38. Qc2 Ra7 39. Qc6
Ra2 40. Qc1 Kg7 41. Kf3 Bf7 42. g4 Kg6 1/2-1/2

[Event "8MCRV_F"]
[Site "?"]
[Date "2008.??.??"]
[Round "?"]
[White "Valak, Alois"]
[Black "Pecka, Josef"]
[Result "1/2-1/2"]
[WhiteElo "2352"]
[BlackElo "2296"]
[PlyCount "37"]
[EventDate "2008.??.??"]

1. c4 c5 2. Nc3 g6 3. Nf3 Bg7 4. e3 Nf6 5. d4 O-O 6. d5 d6 7. e4 e6 8. Nd2 Na6
9. Be2 Nc7 10. O-O Re8 11. Re1 Bd7 12. Nf3 exd5 13. exd5 a6 14. Bg5 b5 15. Qd2
Bf5 16. Nh4 Bd7 17. Nf3 Bf5 18. Nh4 Bd7 19. Nf3 1/2-1/2

[Event "8MCRV_F"]
[Site "?"]
[Date "2008.??.??"]
[Round "?"]
[White "Valak, Alois"]
[Black "Schwarz, Jan"]
[Result "1/2-1/2"]
[WhiteElo "2352"]
[BlackElo "2259"]
[PlyCount "129"]
[EventDate "2008.??.??"]

1. c4 e5 2. Nc3 Nf6 3. Nf3 Nc6 4. e4 Bb4 5. d3 d6 6. h3 h6 7. Be2 Bxc3+ 8. bxc3
O-O 9. O-O Qe7 10. Rb1 Nd8 11. Re1 b6 12. Bf1 Ne6 13. d4 Bb7 14. Bd3 Nd7 15. g3
Rfe8 16. Bc2 Rad8 17. Kg2 Qf6 18. Be3 Nef8 19. Bd2 Ba6 20. Qe2 Ng6 21. h4 Qe6
22. h5 Ne7 23. Rb4 Bc8 24. d5 Qg4 25. Rh1 Nf6 26. Ra4 a5 27. Rh4 Qd7 28. Be3
Rf8 29. Ra3 Qe8 30. Bc1 Nd7 31. Rh1 Ba6 32. g4 c6 33. g5 cxd5 34. gxh6 Bxc4 35.
Qe3 g6 36. Nd2 Ba6 37. Qg3 Bb7 38. f3 Kh8 39. exd5 Bxd5 40. Ne4 Bxe4 41. Bxe4
d5 42. Bc2 Rg8 43. h7 Rg7 44. Bh6 Rxh7 45. hxg6 Nxg6 46. Rb3 Rc8 47. Bf5 Rc6
48. Rbb1 Kg8 49. Rbd1 Rf6 50. Qg5 Rd6 51. Kf2 Nc5 52. Qg3 Rf6 53. Qg5 Qd8 54.
Qg4 Ne6 55. Be4 Qe7 56. Bxd5 Qc5+ 57. Be3 Rxh1 58. Bxc5 Rxd1 59. Bxe6 bxc5 60.
Bf5 Rd2+ 61. Ke3 Rxa2 62. Bxg6 Rxg6 63. Qc8+ Kg7 64. Qf5 Rag2 65. Qxe5+ 1/2-1/2

[Event "8MCRV_F"]
[Site "?"]
[Date "2008.??.??"]
[Round "?"]
[White "Valak, Alois"]
[Black "Sykora, Josef"]
[Result "1/2-1/2"]
[WhiteElo "2352"]
[BlackElo "2347"]
[PlyCount "86"]
[EventDate "2008.??.??"]

1. c4 Nf6 2. d4 e6 3. Nf3 d5 4. Nc3 c6 5. e3 Nbd7 6. Bd3 Bd6 7. O-O O-O 8. Qc2
dxc4 9. Bxc4 a6 10. Bd2 c5 11. Bd3 h6 12. Rfd1 cxd4 13. exd4 Rb8 14. a4 b6 15.
Be1 Bb7 16. Qe2 Ra8 17. Ne5 Nd5 18. Nxd5 Bxd5 19. Nc4 Bc7 20. Bb4 Re8 21. Bc3
Ra7 22. Rdc1 a5 23. Rc2 Qb8 24. g3 Qb7 25. Rac1 Bf3 26. Qe1 Rd8 27. Bd2 Bb8 28.
Bf1 Nf6 29. Ne5 Bxe5 30. dxe5 Nd5 31. Bb5 Qb8 32. Bc6 Rc7 33. Rc4 Rdc8 34. b3
Rxc6 35. Rxc6 Rxc6 36. Rxc6 Nf4 37. Rd6 Ne2+ 38. Kf1 Qa8 39. Rd3 Qe4 40. Rxf3
Qxf3 41. Be3 Nd4 42. Bxd4 Qd3+ 43. Kg2 Qxd4 1/2-1/2